| 000 | 00462nam a2200145 a 4500 | ||
|---|---|---|---|
| 005 | 20140310182405.0 | ||
| 008 | 000524s19uu xx 00 eng d | ||
| 020 | _a971270247X | ||
| 100 | _aOcampo, Ambeth R. | ||
| 245 |
_aMakamisa : _bthe search for Rizal's third novel / _cAmbeth R. Ocampo. |
||
| 260 |
_aPasig : _bAnvil Publishing, Inc, _c1992. |
||
| 300 |
_a172p. : _c23 cm. |
||
| 650 |
_aPhilippine novel (Spanish) _xTranslation into English |
||
| 942 |
_cBK _2lcc |
||
| 999 |
_c12687 _d12687 |
||